[Event "4th Borowski GM"]
[Site "Essen GER"]
[Date "2002.05.16"]
[Round "1"]
[White "Leko,P"]
[Black "Dautov,R"]
[Result "1/2-1/2"]
[WhiteElo "2707"]
[BlackElo "2636"]
[EventDate "2002.05.16"]

1. e4 c6 2. d4 d5 3. Nc3 dxe4 4. Nxe4 Bf5 5. Ng3 Bg6 6. h4 h6 7. Nf3 Nd7 8.
h5 Bh7 9. Bd3 Bxd3 10. Qxd3 e6 11. Bf4 Qa5+ 12. Bd2 Qc7 13. O-O-O Ngf6 14.
Ne4 O-O-O 15. g3 Nxe4 16. Qxe4 Be7 17. Qe2 Rhe8 18. Kb1 Kb8 19. c4 c5 20.
Rhe1 Ka8 21. Bf4 Qc8 22. g4 cxd4 23. Nxd4 a6 24. Nf3 Bb4 25. Rg1 f6 26. Bc1
Bf8 27. b3 Nb8 28. Nd4 Nc6 29. Nxc6 Qxc6 30. f3 Bc5 31. Rge1 e5 32. Qe4
Qxe4+ 33. fxe4 Bb4 34. Rg1 Rd4 35. a3 Bc5 36. Rge1 Red8 37. Kc2 b5 38. cxb5
axb5 39. Bb2 R4d7 40. Rxd7 Rxd7 41. Rd1 Rc7 42. Kb1 Be7 43. Rd5 Rb7 44. Bc1
Kb8 45. Kb2 Kc7 46. b4 Kc6 47. Kb3 Ra7 48. Be3 Ra8 49. Rd1 Bd6 50. Ra1 Ra4
51. Rc1+ Kb7 52. Rd1 Kc6 53. Rd2 Ra8 54. Rc2+ Kb7 55. Ra2 Ra4 56. Rf2 Ra6
57. Rd2 Kc6 58. Ra2 Ra4 59. Rc2+ Kb7 60. Bc5 Bxc5 61. Rxc5 Kb6 62. Rd5 Kc6
63. Rc5+ Kb6 64. Rc8 Ra7 65. Rb8+ Kc6 66. Rc8+ Kb6 1/2-1/2

[Event "4th Borowski GM"]
[Site "Essen GER"]
[Date "2002.05.16"]
[Round "1"]
[White "Luther,T"]
[Black "Krasenkow,M"]
[Result "1/2-1/2"]
[WhiteElo "2566"]
[BlackElo "2641"]
[EventDate "2002.05.16"]

1. e4 e5 2. Nf3 Nc6 3. Bb5 a6 4. Ba4 Nf6 5. O-O Nxe4 6. d4 b5 7. Bb3 d5 8.
dxe5 Be6 9. Nbd2 Bc5 10. Qe1 Nxd2 11. Bxd2 Bg4 12. Be3 Bxf3 13. Qc3 d4 14.
Qxc5 dxe3 15. gxf3 Qg5+ 16. Kh1 Nxe5 17. Rae1 O-O-O 18. Qa7 Qf6 19. Rxe3
Qc6 20. Rxe5 Qxf3+ 21. Kg1 Qg4+ 1/2-1/2

[Event "4th Borowski GM"]
[Site "Essen GER"]
[Date "2002.05.18"]
[Round "3"]
[White "Korchnoi,V"]
[Black "Dautov,R"]
[Result "1-0"]
[WhiteElo "2635"]
[BlackElo "2636"]
[EventDate "2002.05.16"]

1. d4 d5 2. c4 c6 3. Nf3 Nf6 4. e3 Bf5 5. Nc3 a6 6. Bd2 e6 7. c5 Nbd7 8. b4
Be7 9. Be2 Ne4 10. Nxe4 Bxe4 11. Bc3 Bf6 12. O-O Bxf3 13. Bxf3 O-O 14. Bg4
Re8 15. f4 a5 16. a3 Qc7 17. Qc2 axb4 18. axb4 b6 19. Be2 Qb7 20. Bd3 g6
21. e4 dxe4 22. Bxe4 b5 23. g4 Rxa1 24. Rxa1 Ra8 25. Rxa8+ Qxa8 26. g5 Bg7
27. Qe2 Qa6 28. Kg2 Nb8 29. Qb2 Qa4 30. Bf3 Qa8 31. Kg3 Qa7 32. h4 h5 33.
Kf2 Kf8 34. Ke3 Ke7 35. d5 Bxc3 36. d6+ Kd7 37. Qxc3 Kc8 38. Qh8+ Kb7 39.
Qd8 Qa3+ 40. Kf2 Qxb4 41. Qc7+ Ka8 42. d7 Qd2+ 43. Kg3 Qe1+ 44. Kh3 1-0

[Event "4th Borowski GM"]
[Site "Essen GER"]
[Date "2002.05.18"]
[Round "3"]
[White "Lutz,C"]
[Black "Fridman,D"]
[Result "1/2-1/2"]
[WhiteElo "2644"]
[BlackElo "2571"]
[EventDate "2002.05.16"]

1. e4 e5 2. Nf3 Nf6 3. Nxe5 d6 4. Nf3 Nxe4 5. d4 d5 6. Bd3 Nc6 7. O-O Be7
8. c4 Nf6 9. h3 Nb4 10. Be2 dxc4 11. Bxc4 O-O 12. Nc3 Nbd5 13. Re1 c6 14.
Qb3 Nb6 15. Bd3 Be6 16. Qc2 h6 17. Bd2 Nbd5 18. a3 Rc8 19. Na4 Rc7 20. Nc5
Bc8 21. Rac1 Bd6 22. Ne5 Re8 23. b4 Rce7 24. Qb2 Nc7 25. a4 Ne6 26. Nxe6
Bxe6 27. Rcd1 Bd5 28. Bc3 Qc7 29. Bb1 Nd7 30. Qc2 Nf8 31. Qd2 f6 32. Ng6
Rxe1+ 33. Rxe1 Rxe1+ 1/2-1/2

[Event "4th Borowski GM"]
[Site "Essen GER"]
[Date "2002.05.19"]
[Round "4"]
[White "Fridman,D"]
[Black "Luther,T"]
[Result "1/2-1/2"]
[WhiteElo "2571"]
[BlackElo "2566"]
[EventDate "2002.05.16"]

1. c4 e5 2. Nc3 Nf6 3. g3 Nc6 4. Bg2 Bb4 5. Nd5 a5 6. e3 Nxd5 7. cxd5 Ne7
8. a3 Bc5 9. Ne2 d6 10. d4 Bb6 11. dxe5 dxe5 12. b3 c6 13. Bb2 Nxd5 14.
Bxe5 O-O 15. Bd4 Be6 16. O-O Qc7 17. Bxb6 Qxb6 18. Nd4 Nc7 19. Qc2 1/2-1/2

[Event "4th Borowski GM"]
[Site "Essen GER"]
[Date "2002.05.19"]
[Round "4"]
[White "Kasimdzhanov,R"]
[Black "Krasenkow,M"]
[Result "0-1"]
[WhiteElo "2674"]
[BlackElo "2641"]
[EventDate "2002.05.16"]

1. d4 Nf6 2. c4 g6 3. g3 Bg7 4. Bg2 d5 5. cxd5 Nxd5 6. e4 Nb4 7. d5 c6 8.
a3 Qa5 9. Nc3 cxd5 10. Be3 d4 11. axb4 Qd8 12. Bd2 dxc3 13. Bxc3 Bxc3+ 14.
bxc3 Qc7 15. Ne2 O-O 16. O-O e5 17. Qd3 Be6 18. Qe3 Bc4 19. Rfe1 b6 20. f4
f6 21. f5 g5 22. g4 Nc6 23. Ng3 Rad8 24. Bf1 Qf7 25. Rad1 Bxf1 26. Rxf1 Qc4
27. h4 h6 28. hxg5 hxg5 29. Nh5 Kf7 30. Rxd8 Rxd8 31. Nxf6 Kxf6 32. Qh3 Rd3
33. Qh6+ Kf7 34. Qh5+ Ke7 35. Qxg5+ Kd6 36. Qg6+ Kc7 37. f6 Qxc3 38. Qh7+
Rd7 39. f7 Nd4 40. Qh6 Ne2+ 41. Kg2 Qc2 42. f8=Q Nf4+ 43. Kg3 Qg2+ 44. Kh4
Qxf1 45. Qff6 Qh1+ 46. Kg5 Nh3+ 47. Kf5 Qf1+ 0-1

[Event "4th Borowski GM"]
[Site "Essen GER"]
[Date "2002.05.20"]
[Round "5"]
[White "Luther,T"]
[Black "Leko,P"]
[Result "0-1"]
[WhiteElo "2566"]
[BlackElo "2707"]
[EventDate "2002.05.16"]

1. e4 c5 2. Nf3 Nc6 3. d4 cxd4 4. Nxd4 Nf6 5. Nc3 e5 6. Ndb5 d6 7. Bg5 a6
8. Na3 b5 9. Bxf6 gxf6 10. Nd5 f5 11. Bxb5 axb5 12. Nxb5 Ra4 13. b4 Rxb4
14. Nbc7+ Kd7 15. O-O Rg8 16. g3 Rb7 17. Qh5 Qg5 18. Qxf7+ Be7 19. Nxe7
Nxe7 20. Ne6 Qg6 21. Nf8+ Rxf8 22. Qxf8 fxe4 23. Rfb1 Rc7 24. a4 e3 25.
fxe3 Qe4 0-1

[Event "4th Borowski GM"]
[Site "Essen GER"]
[Date "2002.05.20"]
[Round "5"]
[White "Zvjaginsev,V"]
[Black "Dautov,R"]
[Result "1-0"]
[WhiteElo "2645"]
[BlackElo "2636"]
[EventDate "2002.05.16"]

1. e4 c6 2. d4 d5 3. e5 Bf5 4. Be3 e6 5. Nd2 Nd7 6. c3 Qb6 7. b4 f6 8. Nb3
fxe5 9. dxe5 Qc7 10. f4 Nh6 11. Nf3 Be7 12. Be2 O-O 13. O-O b6 14. Nbd4 c5
15. Nxf5 Nxf5 16. Bd2 a5 17. a3 axb4 18. axb4 Qc6 19. Bd3 g6 20. b5 Qb7 21.
c4 Rxa1 22. Qxa1 Nd4 23. Qd1 Ra8 24. Nxd4 cxd4 25. Qg4 Kg7 26. Qxe6 Nc5 27.
Qh3 Ra2 28. f5 Rxd2 29. f6+ Kg8 30. Bxg6 hxg6 31. Qh6 Bf8 32. Qxg6+ Bg7 33.
f7+ 1-0

[Event "4th Borowski GM"]
[Site "Essen GER"]
[Date "2002.05.22"]
[Round "6"]
[White "Leko,P"]
[Black "Krasenkow,M"]
[Result "1-0"]
[WhiteElo "2707"]
[BlackElo "2641"]
[EventDate "2002.05.16"]

1. e4 c5 2. Nf3 Nc6 3. d4 cxd4 4. Nxd4 Nf6 5. Nc3 e5 6. Ndb5 d6 7. Nd5 Nxd5
8. exd5 Nb8 9. c4 Be7 10. Bd3 a6 11. Nc3 O-O 12. O-O f5 13. f3 Bg5 14. Kh1
Nd7 15. b4 a5 16. a3 axb4 17. Bxg5 Qxg5 18. axb4 Rxa1 19. Qxa1 Qe3 20. Be2
e4 21. Qc1 Qb6 22. fxe4 fxe4 23. Rxf8+ Nxf8 24. Nb5 Ng6 25. c5 dxc5 26.
bxc5 Qf6 27. Nd6 Nf4 28. Nxe4 Qe5 29. Bf3 Nxd5 30. Nd6 Be6 31. Nxb7 Nf4 32.
c6 Nd3 33. Qf1 Ne1 34. Be2 Nc2 35. Bc4 Ne3 36. Bxe6+ Qxe6 37. Qf4 h6 38.
Nc5 Qe8 39. Nd3 Kh7 40. c7 Qe6 41. Qe5 1-0

[Event "4th Borowski GM"]
[Site "Essen GER"]
[Date "2002.05.22"]
[Round "6"]
[White "Dautov,R"]
[Black "Kasimdzhanov,R"]
[Result "1/2-1/2"]
[WhiteElo "2636"]
[BlackElo "2674"]
[EventDate "2002.05.16"]

1. d4 Nf6 2. c4 e6 3. Nf3 d5 4. Nc3 Be7 5. Qc2 O-O 6. cxd5 exd5 7. Bg5 c5
8. e3 cxd4 9. Nxd4 h6 10. Bh4 Nc6 11. Nxc6 bxc6 12. Be2 Be6 13. O-O Qa5 14.
Rfd1 Rfd8 15. Rd2 Rd7 16. Rad1 Rad8 17. Bf3 c5 18. Bxf6 Bxf6 19. e4 dxe4
20. Rxd7 Bxd7 21. Nxe4 Bd4 22. b3 Bf5 23. g3 Bg6 24. Kg2 Re8 25. Qd2 Qb6
26. Nc3 Qe6 27. Nb5 Bf5 28. h4 1/2-1/2

[Event "4th Borowski GM"]
[Site "Essen GER"]
[Date "2002.05.22"]
[Round "6"]
[White "Fridman,D"]
[Black "Jussupow,A"]
[Result "1/2-1/2"]
[WhiteElo "2571"]
[BlackElo "2618"]
[EventDate "2002.05.16"]

1. d4 Nf6 2. Nf3 d5 3. c4 e6 4. g3 Bb4+ 5. Bd2 Be7 6. Bg2 O-O 7. O-O c6 8.
Qc2 Nbd7 9. Bf4 b6 10. Rd1 Bb7 11. Ne5 Rc8 12. Nc3 Nh5 13. Bd2 Nhf6 14. Bf4
Nh5 15. Bd2 Nhf6 16. e4 c5 17. exd5 cxd4 18. Nc6 Bxc6 19. dxc6 Ne5 20. Nb5
Nxc6 21. Bf4 Qd7 22. Rac1 Bc5 23. Bxc6 Rxc6 24. Be5 Qe7 25. Nxd4 1/2-1/2

[Event "4th Borowski GM"]
[Site "Essen GER"]
[Date "2002.05.22"]
[Round "6"]
[White "Korchnoi,V"]
[Black "Luther,T"]
[Result "1/2-1/2"]
[WhiteElo "2635"]
[BlackElo "2566"]
[EventDate "2002.05.16"]

1. d4 e6 2. c4 d5 3. Nc3 c6 4. Nf3 Nf6 5. g3 dxc4 6. Bg2 Nbd7 7. O-O b5 8.
Bg5 Bb7 9. a4 Qb6 10. Ne5 Nxe5 11. a5 Qa6 12. dxe5 Nd5 13. Ne4 h6 14. Be3
Nxe3 15. fxe3 Rd8 16. Qxd8+ Kxd8 17. Rxf7 b4 18. Rd1+ Ke8 19. Rdd7 c3 20.
Nd6+ 1/2-1/2

[Event "4th Borowski GM"]
[Site "Essen GER"]
[Date "2002.05.23"]
[Round "7"]
[White "Kasimdzhanov,R"]
[Black "Fridman,D"]
[Result "1/2-1/2"]
[WhiteElo "2674"]
[BlackElo "2571"]
[EventDate "2002.05.16"]

1. e4 e5 2. Nf3 Nf6 3. Nxe5 d6 4. Nf3 Nxe4 5. d4 d5 6. Bd3 Nc6 7. O-O Be7
8. c4 Nf6 9. h3 Nb4 10. Be2 dxc4 11. Bxc4 O-O 12. Nc3 Nbd5 13. Re1 c6 14.
Bg5 Be6 15. Qb3 Qb6 16. Qxb6 axb6 17. Nxd5 cxd5 18. Bb3 Bb4 19. Re5 Nd7 20.
Re2 Rfc8 21. Ne1 Nb8 22. Nd3 Nc6 23. Nxb4 Nxb4 24. g4 h6 25. Bf4 g5 26. Be3
Bd7 27. a3 1/2-1/2

[Event "4th Borowski GM"]
[Site "Essen GER"]
[Date "2002.05.23"]
[Round "7"]
[White "Luther,T"]
[Black "Zvjaginsev,V"]
[Result "0-1"]
[WhiteElo "2566"]
[BlackElo "2645"]
[EventDate "2002.05.16"]

1. e4 c5 2. Nf3 g6 3. d4 Bg7 4. dxc5 Qa5+ 5. c3 Qxc5 6. Be3 Qc7 7. Qd2 Nf6
8. Bd3 Ng4 9. Bg5 Nc6 10. Na3 a6 11. Nc4 b5 12. Ne3 Nxe3 13. Bxe3 Rb8 14.
Bh6 O-O 15. O-O Rd8 16. Bxg7 Kxg7 17. Bc2 Rb6 18. Rae1 d6 19. Nd4 Na5 20.
Qg5 f6 21. Qg3 Nc4 22. Nf5+ Kh8 23. Ne3 Nxe3 24. Rxe3 Be6 25. Bb3 Bc4 26.
Rb1 a5 27. Qh4 Rg8 28. Ra1 Qc5 29. Bc2 b4 30. Bb3 Bxb3 31. axb3 Qe5 32. Qg3
Qxg3 33. hxg3 bxc3 34. Rxc3 Rb5 35. Rc7 Re8 36. f3 Kg7 37. Ra3 Kf7 38. Ra7
Reb8 39. R7xa5 Rxa5 40. Rxa5 Rxb3 41. Ra2 h5 42. Kf2 g5 43. Ke2 g4 44. Kf2
Kg6 45. Ra7 Rxb2+ 46. Kf1 e5 47. Rd7 Rd2 48. Rd8 f5 49. exf5+ Kxf5 50. Rh8
Kg5 51. Rg8+ Kf6 52. Rh8 e4 53. fxe4 Rd4 54. Rh6+ Ke5 55. Rxh5+ Kxe4 56.
Ke2 Ra4 57. Rg5 Ra2+ 58. Kd1 Kd3 59. Rd5+ Ke3 60. Rxd6 Rxg2 61. Re6+ Kf3
62. Rg6 Rxg3 63. Rf6+ Ke3 0-1

[Event "4th Borowski GM"]
[Site "Essen GER"]
[Date "2002.05.24"]
[Round "8"]
[White "Korchnoi,V"]
[Black "Jussupow,A"]
[Result "1-0"]
[WhiteElo "2635"]
[BlackElo "2618"]
[EventDate "2002.05.16"]

1. d4 d5 2. c4 c6 3. Nf3 e6 4. Qc2 dxc4 5. Qxc4 b5 6. Qc2 Bb7 7. e4 Nd7 8.
Bg5 Qb6 9. a4 Bb4+ 10. Nc3 Ngf6 11. Bd3 c5 12. dxc5 Nxc5 13. Bxb5+ Kf8 14.
O-O Ncxe4 15. Nxe4 Nxe4 16. Ne5 Kg8 17. Be3 Qd6 18. Bc6 Bxc6 19. Nxc6 Nf6
20. Rfd1 Nd5 21. Bxa7 h5 22. Rac1 Rh6 23. Rd4 Bc3 24. Qxc3 Nxc3 25. Rxd6
Ne2+ 26. Kf1 Nxc1 27. b4 e5 28. Rxh6 gxh6 29. b5 Nb3 30. Ke2 Na5 31. Nxa5
Rxa7 32. b6 Ra6 33. b7 Rb6 34. Kd3 f5 35. h4 Kf7 36. Nc6 1-0

[Event "4th Borowski GM"]
[Site "Essen GER"]
[Date "2002.05.24"]
[Round "8"]
[White "Dautov,R"]
[Black "Fridman,D"]
[Result "1/2-1/2"]
[WhiteElo "2636"]
[BlackElo "2571"]
[EventDate "2002.05.16"]

1. d4 d5 2. c4 c6 3. Nf3 Nf6 4. e3 Bf5 5. Nc3 e6 6. Nh4 Be4 7. f3 Bg6 8.
Qb3 Qb6 9. Nxg6 hxg6 10. Bd2 Nbd7 11. O-O-O Bd6 12. h3 Qc7 13. cxd5 Nxd5
14. e4 N5b6 15. e5 Be7 16. f4 a6 17. Kb1 c5 18. Rc1 Qc6 19. dxc5 Nxc5 20.
Qc2 Rc8 21. Be3 O-O 22. h4 Nd5 23. Nxd5 Qxd5 24. h5 gxh5 25. Rxh5 Qe4 26.
Rh3 Qxc2+ 27. Rxc2 Rfd8 28. Be2 Nd7 29. Rxc8 Rxc8 30. Bf3 Rc7 31. Rh1 a5
32. Rc1 Rxc1+ 33. Kxc1 b6 34. Kc2 f6 35. Bc6 Nc5 36. Kc3 fxe5 37. fxe5 Bd8
38. a3 Bc7 39. Bd4 Kf7 40. Kc4 Kg6 41. b4 axb4 42. axb4 Na6 43. Kb5 Nb8 44.
Bxb6 Bxe5 45. Be8+ Kf5 46. Bc5 Bc7 47. Bf8 g5 48. Kc5 e5 49. b5 e4 50. b6
Bf4 51. Bb5 Be3+ 52. Kd5 Bxb6 53. Bd6 Ba7 54. g4+ 1/2-1/2

[Event "4th Borowski GM"]
[Site "Essen GER"]
[Date "2002.05.24"]
[Round "8"]
[White "Lutz,C"]
[Black "Luther,T"]
[Result "1/2-1/2"]
[WhiteElo "2644"]
[BlackElo "2566"]
[EventDate "2002.05.16"]

1. e4 Nf6 2. e5 Nd5 3. d4 d6 4. Nf3 dxe5 5. Nxe5 c6 6. Bc4 Nd7 7. Nf3 e6 8.
O-O b5 9. Bd3 Bb7 10. Re1 Be7 11. Nbd2 O-O 12. Ne4 a6 13. Bg5 Bxg5 14.
Nfxg5 h6 15. Nf3 c5 16. c4 bxc4 17. Bxc4 Qe7 18. Rc1 cxd4 19. Qxd4 Rfd8 20.
Bf1 a5 21. Ne5 Nxe5 22. Qxe5 Ba6 23. Bxa6 Rxa6 24. Red1 Raa8 25. g3 Qb4 26.
Qd4 Rab8 27. b3 Qa3 28. Qd2 Nb4 29. Qxd8+ Rxd8 30. Rxd8+ Kh7 31. Rc7 Qxa2
32. Nc5 Qb1+ 33. Kg2 Nc2 34. Nd3 Qd1 35. Rcc8 g6 36. Rc7 Ne1+ 37. Nxe1 Qxd8
38. Rxf7+ Kg8 39. Rf3 Qd5 40. Kg1 h5 41. h4 g5 42. hxg5 Qxg5 43. Re3 Qd5
44. Nf3 Kg7 45. Kg2 Kf6 46. Kh2 Qf5 47. Kg2 Qd5 48. Kh2 Qf5 49. Kg2 1/2-1/2

[Event "4th Borowski GM"]
[Site "Essen GER"]
[Date "2002.05.24"]
[Round "8"]
[White "Zvjaginsev,V"]
[Black "Krasenkow,M"]
[Result "1-0"]
[WhiteElo "2645"]
[BlackElo "2641"]
[EventDate "2002.05.16"]

1. Nf3 d5 2. d4 c6 3. c4 e6 4. e3 f5 5. Nc3 Nf6 6. Be2 Bd6 7. Ne5 Bxe5 8.
dxe5 Ne4 9. O-O O-O 10. f4 Na6 11. Nxe4 dxe4 12. Bd2 Bd7 13. Bc3 Rc8 14.
Qb3 b5 15. Qa3 Qb6 16. c5 Nxc5 17. Ba5 Qa6 18. Qxc5 Qxa5 19. Rfd1 Rcd8 20.
a4 Qb6 21. Qxb6 axb6 22. axb5 cxb5 23. Rd6 Bc8 24. Bxb5 Bb7 25. Rxe6 Bd5
26. Rxb6 Rb8 27. Raa6 Rfc8 28. Bd7 Rc1+ 29. Kf2 Rc2+ 30. Kg3 Rxb6 31. Rxb6
g6 32. Rb5 Ba2 33. b3 Rc7 34. Be6+ Kg7 35. Bd5 Kh6 36. h3 Rc3 37. e6 Rc7
38. Rb8 Kg7 39. Rg8+ Kf6 40. Rf8+ 1-0

[Event "4th Borowski GM"]
[Site "Essen GER"]
[Date "2002.05.25"]
[Round "9"]
[White "Kasimdzhanov,R"]
[Black "Korchnoi,V"]
[Result "1-0"]
[WhiteElo "2674"]
[BlackElo "2635"]
[EventDate "2002.05.16"]

1. e4 e6 2. d4 d5 3. Nc3 Nf6 4. Bg5 dxe4 5. Nxe4 Nbd7 6. Nxf6+ Nxf6 7. Nf3
c5 8. Bc4 Qa5+ 9. c3 Be7 10. O-O O-O 11. Re1 h6 12. Bh4 Rd8 13. Qe2 cxd4
14. Nxd4 Bd7 15. Rad1 Kh8 16. Rd3 Ng8 17. Bg3 Rac8 18. Rf3 Bf6 19. Bd3 Qd5
20. Be4 Qxa2 21. Bb1 Qd5 22. Qd3 g6 23. Rxf6 Nxf6 24. Be5 Kg7 25. Qg3 Qc5
26. Re3 Bc6 27. Bxg6 fxg6 28. Bxf6+ Kh7 29. Bxd8 Rxd8 30. Rxe6 Qg5 31. Qxg5
hxg5 32. h3 Bd5 33. Re7+ Kh6 34. Nc2 1-0